000 00362nam a22001337a 4500
020 _qPB.
040 _cFizza Ishaq
082 _a812.5
_bJOH
100 _aStuart, John.
_9133597
245 _aThe Education Of John Reed /
_cJohn Stuart.
260 _aNew York :
_b International Publishers,
_c1955.
300 _a224 p. ;
_c8 x 5.5 x .4 inches
942 _2ddc
_cBK
999 _c616545
_d616545